000 00338nam a22001457a 4500
020 _a81-8801-132-0
082 _a894.812.3
_bSRE/A
100 _aSREEKUMAR, K
245 _aAHIMSAYUDE KATHAKAL
250 _aTHIRD
260 _aKOZHIKODE
_bLIPI PUBLICATIONS
_c2011
300 _a64
650 _aSHORT STORY MALAYALAM
_zKERALA
942 _cBK
999 _c1297
_d1297